Visualizzazione normale
Vista MARC
- Bacharach Burt
di Personal Name
Records bibliografici associati: 3
001 - CONTROL NUMBER
- control field: 8508
003 - CONTROL NUMBER IDENTIFIER
- control field: IT-RoPau
005 - DATE AND TIME OF LATEST TRANSACTION
- control field: 20140109151136.0
008 - FIXED-LENGTH DATA ELEMENTS
- fixed length control field: 140109|| aca||aabn | a|a d
040 ## - CATALOGING SOURCE
- Original cataloging agency: IT-RoPau
- Transcribing agency: IT-RoPau
100 ## - HEADING--PERSONAL NAME
- Personal name: Bacharach Burt
- Relator term: Autore musica
- Miscellaneous information: Codice autore musica SPICS: 10740
- Name of part/section of a work: Raindrop Keep Fallin' On My Head
670 ## - SOURCE DATA FOUND
- Source citation: Work cat.: (IT-RoPau)98986: AA.VV. 794, Romantico blues